000 01564nam2a22002891 4500
001 rc\4567794
005 20260407071448.0
021 _aRU
_b[65-24852]
035 _a(NLR Aleph) 008649809
090 _a8994891
_c8994891
100 _a20130416d1965 |||y0rusy50 ca
101 1 _arus
_ceng
102 _aRU
105 _aa z |||||
200 1 _a[Элмер Гентри
_fПослесл. и примеч. Б. Гиленсон
_gИл.: И. Глазунов
_gПод общ. ред. Т. Мотылевой]
210 _d1965
_aБ. м.
215 _a535 с., 4 л. ил.
461 0 _1001rc\4567790
_12001#$aСобрание сочинений$eВ 9 т.$e[Пер. с англ.$fПод общ. ред. и со вступ. статьей, с. 3-44, Т. Мотылевой$gИл.: П. Караченцов]. Т. 1-$vТ. 4
_1700#1$aЛьюис$bС.$f1885-1951$gСинклер
_98994870
_aЛьюис, С. (1885-1951)
_cМосква
_d1965
_fПод общ. ред. и со вступ. статьей, с. 3-44, Т. Мотылевой
_nПравда
_oВ 9 т. : [Пер. с англ.
_tСобрание сочинений
_vТ. 4
702 1 _aГлазунов
_bИ.
_4440
702 1 _4080
_4212
_7ca
_8rus
_aГиленсон
_bБ. А.
_f1932-
_gБорис Александрович
_9160095
_3RU\NLR\AUTH\770160136
702 1 _4340
_7ca
_8rus
_aМотылева
_bТ. Л.
_f1910-1992
_gТамара Лазаревна
_3RU\NLR\AUTH\770278691
_92650658
801 0 _aRU
_bNLR
_gpsbo
801 1 _aRU
_bELAR
_2rusmarc
852 _aNLR
_j65-3/1151
942 _cBOOK
980 _aNB